| 000 | 00659cam a2200145 4500500 | ||
|---|---|---|---|
| 005 | 20251228091023.0 | ||
| 041 | _afre | ||
| 042 | _adc | ||
| 100 | 1 | 0 |
_aFaguer, Nicolas _eauthor |
| 245 | 0 | 0 | _aAnaïs Doisneau, mémoire de Master 2 (Université Lyon 3), L’indécision spirituelle dans la liturgie des Quatrains de Charles Péguy, directeur : Jérôme Thélot ; rapporteur : Lionel Verdier |
| 260 | _c2023. | ||
| 500 | _a31 | ||
| 786 | 0 | _nBulletin de l’Amitié Charles Péguy | 178 | 2 | 2023-05-07 | p. 233-236 | 0180-8567 | |
| 856 | 4 | 1 | _uhttps://shs.cairn.info/revue-bulletin-de-lamitie-charles-peguy-2023-2-page-233?lang=fr&redirect-ssocas=7080 |
| 999 |
_c1602968 _d1602968 |
||